000 00428nam a2200157Ia 4500
008 160316s2003 xxu||||| |||| 00| 0 eng d
082 _a344.013000
_bCAC
100 _a
245 _aMujhe mera bachpan lauta do - National event on girl child labour
250 _a
260 _aMysore
_bCampaign Against Child Labour
_c2003
300 _a56
_b
_c
365 _b
650 _a1. girl child labour 2. judiciary
700 _a
_a
999 _c33639
_d33639